Most Streamed BTS Songs On Spotify - Statistics

General Stats
  • This quiz has been taken 18 times
  • The average score is 17 of 25
Answer Stats
Song Streams % Correct
3 Butter 1,461m
100%
1 Dynamite 2,270m
100%
10 Blood, Sweat & Tears 706m
93%
4 Boy With Luv (feat. Halsey) 1,389m
93%
6 FAKE LOVE 1,098m
93%
16 ON 554m
93%
8 Permission to Dance 808m
93%
20 SWIM 457m
93%
9 DNA 805m
86%
14 IDOL 585m
86%
15 Black Swan 570m
79%
13 Run BTS 620m
79%
22 Burning Up (FIRE) 435m
71%
7 Life Goes On 1,022m
71%
12 Spring Day 645m
71%
19 I NEED U 482m
64%
2 My Universe 1,605m
64%
21 Pied Piper 449m
64%
24 Dope 427m
50%
11 Euphoria 700m
50%
23 dimple 433m
36%
25 Magic Shop 425m
36%
18 Filter 513m
29%
17 Dreamers [Music from the FIFA World Cup Qatar 2022 Official Soundtrack] 529m
14%
5 Left and Right (Feat. Jung Kook of BTS) 1,179m
14%
No matching quizzes found
Score Distribution
Percent of People with Each Score
Percentile by Number Answered
Your Score History
You have not taken this quiz